| 000 | 00000nas 2200000za 4500 |
| 001 | 9.504771 |
| 003 | CaOODSP |
| 005 | 20221107133428 |
| 007 | cr ||||||||||| |
| 008 | 150406d1979200uonc x m o f0 a0eng|d |
| 040 | |aCaOODSP|beng |
| 043 | |an-cn--- |
| 086 | 1 |aYM32-1E-PDF |
| 245 | 00|aCurrent issue review |h[electronic resource]. |
| 260 | |a[Ottawa] : |bLibrary of Parliament, |c1979-2008? |
| 310 | |aIrregular |
| 500 | |aIssued also in French under title: Bulletin d'actualité. |
| 520 | 3 |aConcise, descriptive commentaries on topical issues. Each paper is updated regularly and contains a discussion of the issue, a chronology of events, details of the action taken in Parliament and a select reading list. Information in CIRs is the latest available on the review date shown |
| 550 | |aIssued 1979-198-? by Research Branch; 198---2008? by Parliamentary Research Branch. |
| 710 | 1 |aCanada.|bLibrary of Parliament.|bResearch Branch. |
| 710 | 1 |aCanada. |bParliamentary Research Branch. |
| 775 | 08|tBulletin d'actualité |w(CaOODSP)9.501180 |